The environment predicament : (Record no. 4333)

MARC details
000 -LEADER
fixed length control field 00750nam a22002297a 4500
003 - CONTROL NUMBER IDENTIFIER
control field OSt
005 - DATE AND TIME OF LATEST TRANSACTION
control field 20250829051515.0
008 - FIXED-LENGTH DATA ELEMENTS--GENERAL INFORMATION
fixed length control field 250829b |||||||| |||| 00| 0 eng d
020 ## - INTERNATIONAL STANDARD BOOK NUMBER
International Standard Book Number 0-312-11226-2
040 ## - CATALOGING SOURCE
Transcribing agency OC
082 ## - DEWEY DECIMAL CLASSIFICATION NUMBER
Classification number Circ. 363.7 V479 1995
100 ## - MAIN ENTRY--PERSONAL NAME
Personal name Verburg, C.
245 ## - TITLE STATEMENT
Title The environment predicament :
Remainder of title four issues for critical analysis
260 ## - PUBLICATION, DISTRIBUTION, ETC.
Place of publication, distribution, etc. Boston :
Name of publisher, distributor, etc. Bedford Books of St. Verburg Press, Inc.,
Date of publication, distribution, etc. c1995
300 ## - PHYSICAL DESCRIPTION
Extent xv, 351 pages :
Dimensions 23 cm.
504 ## - BIBLIOGRAPHY, ETC. NOTE
Bibliography, etc. note Includes index
650 ## - SUBJECT ADDED ENTRY--TOPICAL TERM
Source of heading or term Environmental responsibility
650 ## - SUBJECT ADDED ENTRY--TOPICAL TERM
Source of heading or term Environmentalism
650 ## - SUBJECT ADDED ENTRY--TOPICAL TERM
Source of heading or term Global warming
650 ## - SUBJECT ADDED ENTRY--TOPICAL TERM
Source of heading or term Refuse and repress disposal
942 ## - ADDED ENTRY ELEMENTS (KOHA)
Source of classification or shelving scheme Dewey Decimal Classification
Koha item type Book Circulation
Classification part Circ. 363.7 V479 1995
Call number prefix Circ.
Suppress in OPAC No
952 ## - LOCATION AND ITEM INFORMATION (KOHA)
--
Holdings
Withdrawn status Lost status Source of classification or shelving scheme Damaged status Not for loan Home library Current library Shelving location Date acquired Source of acquisition Total Checkouts Full call number Barcode Date last seen Copy number Price effective from Koha item type Uniform Resource Identifier
    Dewey Decimal Classification     College Library College Library Circulation 02/03/2006 Donation   Circ. 363.7 V479 1995 CL42755 08/29/2025 c1 08/29/2025 BK-CIRC